Statistics for NCAA Lacrosse - All Tewaaraton Winners

Click here to take the quiz!

General Stats

  • This quiz has been taken 65 times
    (36 since last reset)
  • The average score is 14 of 45

Answer Stats

YearNameSchoolPosition% Correct
2023Brennan O'NeillDukeAttack
86%
2019Pat SpencerLoyolaAttack
83%
2021Jared BernhardtMarylandAttack
79%
2015Lyle ThompsonAlbanyAttack
76%
2014Lyle ThompsonAlbanyAttack
76%
2014Miles ThompsonAlbanyAttack
72%
2013Rob PannellCornellAttack
72%
2022Logan WisnauskasMarylandAttack
66%
2017Matt RamboMarylandAttack
66%
2018Ben ReevesYaleAttack
59%
2004Mike PowellSyracuseAttack
55%
2002Mike PowellSyracuseAttack
55%
2021Charlotte NorthBoston CollegeMidfield
45%
2022Charlotte NorthBoston CollegeMidfield
45%
2005Kyle HarrisonJohns HopkinsMidfield
45%
2011Steele StanwickVirginiaAttack
45%
2016Dylan MolloyBrownAttack
41%
2010Ned CrottyDukeAttack
28%
2012Peter BaumColgateAttack
28%
2023Izzy ScaneNorthwesternAttack
24%
2007Matt DanowskiDukeAttack
24%
2016Taylor CummingsMarylandMidfield
24%
2015Taylor CummingsMarylandMidfield
24%
2014Taylor CummingsMarylandMidfield
24%
2006Matt WardVirginiaAttack
17%
2011Shannon SmithNorthwesternAttack
17%
2003Chris RotelliVirginiaMidfield
14%
2019Megan TaylorMarylandGoalie
14%
2018Sam ApuzzoBoston CollegeAttack
14%
2017Zoe StukenbergMarylandMidfield
10%
2010Caitlyn McFaddenMarylandMidfield
3%
2001Doug ShanahanHofstraMidfield
3%
2009Hannah NielsenNorthwesternMidfield
3%
2008Hannah NielsenNorthwesternMidfield
3%
2001Jen AdamsMarylandAttack
3%
2013Katie SchwarzmannMarylandMidfield
3%
2012Katie SchwarzmannMarylandMidfield
3%
2004Amy AppeltVirginiaAttack
0%
2002Erin ElbeGeorgetownAttack
0%
2005Katie ChrestDukeAttack
0%
2007Kristen KjellmanNorthwesternMidfield
0%
2006Kristen KjellmanNorthwesternMidfield
0%
2009Max SibaldCornellMidfield
0%
2008Mike VeveilleSyracuseAttack
0%
2003Rachael BeckerPrincetonDefense
0%

Score Distribution

Percentile by Number Answered

Percent of People with Each Score

Your Score History

You have not taken this quiz since the last reset